Cartas, postales, poemas y dibujos / (Record no. 69899)

MARC details
000 -LEADER
campo de control de longitud fija 00773nam a2200217 i 4500
001 - NÚMERO DE CONTROL
campo de control 69899
003 - IDENTIFICADOR DE NÚMERO DE CONTROL
campo de control ES-MaACL
005 - FECHA Y HORA DE LA ÚLTIMA TRANSACCIÓN
campo de control 20251009172727.0
007 - CAMPO FIJO DE DESCRIPCIÓN FÍSICA--INFORMACIÓN GENERAL
campo de control de longitud fija t|
008 - DATOS DE LONGITUD FIJA--INFORMACIÓN GENERAL
campo de control de longitud fija 040713s1968 sp f |||| | spa d
080 ## - NÚMERO DE LA CLASIFICACIÓN DECIMAL UNIVERSAL
Número de la Clasificación Decimal Universal 821.134.2"19"
100 1# - ENTRADA PRINCIPAL--NOMBRE DE PERSONA
Nombre de persona García Lorca, Federico,
Fechas asociadas al nombre 1898-1936
9 (RLIN) 54853
245 10 - MENCIÓN DEL TÍTULO
Título Cartas, postales, poemas y dibujos /
Mención de responsabilidad, etc. García Lorca ; introducción y notas por Antonio Gallego Morell.
260 ## - PUBLICACIÓN, DISTRIBUCIÓN, ETC.
Lugar de publicación, distribución, etc. [Madrid :
Nombre del editor, distribuidor, etc. Moneda y Crédito,
Fecha de publicación, distribución, etc. 1968]
300 ## - DESCRIPCIÓN FÍSICA
Extensión 175 p., 14 lám. ;
Dimensiones 22 cm.
600 14 - PUNTO DE ACCESO ADICIONAL DE MATERIA--NOMBRE DE PERSONA
Nombre de persona García Lorca, Federico,
Fechas asociadas al nombre 1898-1936-
Subdivisión de forma Correspondencia
9 (RLIN) 54856
600 17 - PUNTO DE ACCESO ADICIONAL DE MATERIA--NOMBRE DE PERSONA
Nombre de persona García Lorca, Federico,
Fechas asociadas al nombre 1898-1936-
Subdivisión general Dibujo
Fuente del encabezamiento o término
9 (RLIN) 170064
700 0# - ENTRADA AGREGADA--NOMBRE PERSONAL
Nombre de persona Gallego Morell, Antonio,
Fechas asociadas al nombre 1923-2009
9 (RLIN) 53576
852 ## - LOCALIZACIÓN
Ubicación ES-MaACL
Número de control de estantería C-35583
Holdings
Estatus retirado Estado de pérdida Estado de daño No para préstamo Biblioteca de origen Biblioteca actual Ubicación en estantería Fecha de adquisición Fuente de adquisición Total de préstamos Signatura topográfica completa Código de barras Visto por última vez Precio de reemplazo Tipo de ítem Koha
        Biblioteca del Ateneo de Madrid Biblioteca del Ateneo de Madrid Depósito 2 17/01/2008     C-35583 1073194 23/02/2023 23/02/2023 Libro impreso